Представление документа в формате MARC21

Поле Инд. ПП Название Значение
Тип записи a
Библиографический уровень m
001 Контрольный номер 30a04dad7b7642b48e3075206b403264
005 Дата корректировки 20240129092453.9
040 b Код языка каталог. rus
041 0_ a Код языка текста rus
080 a Индекс УДК 004.7(075.8)
084 a Индекс другой классификации/Индекс ББК 32.971.35я73
090 x Авторский знак Г48
097 b Оператор 02
100 1_ a Автор Гимбицкая Л. А.
245 10 a Заглавие Администрирование в информационных системах
b Продолж. заглавия учебное пособие
h Физич. носитель только электронный вариант
260 a Место издания Ставрополь
b Издательство СКФУ
c Дата издания 2014
300 a Объем 66 с.
510 0_ a Примечание о ссылках Книги и методические пособия
650 04 a Основная рубрика 20.15 Организация информационной деятельности
653 0_ a Ключевые слова информационные системы
700 12 a Другие авторы Альбекова З. М.
901 t Тип документа m